G-Letter Subdivisions of Africa - Statistics

General Stats
  • This quiz has been taken 17 times
    5 since last reset
  • The average score is 18 of 40
Answer Stats
Country Subdivision Type Answer % Correct
Tunisia Governorate Gabès
75%
Botswana City Gaborone
75%
Guinea-Bissau Region Gabú
75%
Tunisia Governorate Gafsa
75%
Ethiopia Region Gambela
75%
Mali Region Gao
75%
Eritrea Region Gash-Barka
75%
South Africa Province Gauteng
75%
Egypt Governorate Gharbia
75%
Liberia County Grand Bassa
75%
Comoros Island Grande Comore
75%
Somalia State Galmudug
50%
Kenya County Garissa
50%
Mozambique Province Gaza
50%
Botswana District Ghanzi
50%
Libya District Ghat
50%
Burundi Province Gitega
50%
Egypt Governorate Giza
50%
Nigeria State Gombe
50%
Liberia County Grand Cape Mount
50%
Liberia County Grand Gedeh
50%
Liberia County Grand Kru
50%
Chad Province Guéra
50%
Liberia County Gbarpolu
25%
Tanzania Region Geita
25%
Sudan State Gezira
25%
Algeria Province Ghardaïa
25%
Seychelles District Glacis
25%
Uganda District Gomba
25%
Mauritania Region Gorgol
25%
Seychelles District Grand'Anse
25%
Seychelles District Grand'Anse Praslin
25%
Ghana Region Greater Accra
25%
Gambia Region Greater Banjul
25%
South Sudan Area Greater Pibor
25%
Algeria Province Guelma
25%
Morocco Region Guelmim-Oued Noun
25%
Mauritania Region Guidimaka
25%
Uganda District Gulu
25%
Côte d'Ivoire Region Gôh-Djiboua
0%
No matching quizzes found
Score Distribution
Percent of People with Each Score
Percentile by Number Answered
Your Score History
You have not taken this quiz since the last reset